| 000 | 00813nam a2200241Ia 4500 | ||
|---|---|---|---|
| 003 | OSt | ||
| 005 | 20220925231646.0 | ||
| 006 | a|||||r|||| 00| 0 | ||
| 007 | ta | ||
| 008 | 220923b |||||||| |||| 00| 0 eng d | ||
| 020 |
_a0719041929 _c933.60 |
||
| 037 |
_b108, 20/06/2006, CLASSIC BOOKS SERVICES _cGeneral Book |
||
| 040 |
_aRTL _cRTL _beng |
||
| 041 |
_2eng _aeng |
||
| 082 | _aY:1.55.P, N5 | ||
| 100 |
_aHahn H J _9295864 |
||
| 245 | 0 |
_aGerman thought and culture _b From the holy Roman Empire to the present day |
|
| 260 |
_aManchester _bManchester University Press _c1995 |
||
| 300 |
_axi, 251p _ccm. |
||
| 650 |
_aCulture and Civilization Sociology _9247281 |
||
| 942 |
_hY:1.55.P, N5 _cGB _2CC |
||
| 999 |
_c589088 _d589088 |
||